000 00501nam a2200205Ia 4500
008 160803s9999 xx 000 0 und d
020 _a0 590132156
100 _aFox, Mem
245 _aTough Boris /
245 _cMem Fox ; illustrated by Kathryn Brown.
260 _aNew York :
260 _bScholastic Inc.
260 _c1994
300 _aunnumbered pages :
300 _bcolor illustrations ;
300 _c26 cm.
650 _aPirates --
650 _xFiction.
700 _a190
999 _c298994
_d298994